Matemática : (Registro nro. 8000)

Detalles MARC
000 -LIDER
fixed length control field 01698nam a2200337 a 4500
001 - NÚMERO DE CONTROL
Identificador de número de control 00153
003 - IDENTIFICACDOR DE NÚMERO DE CONTROL
control field DO-SdBNP
005 - DATE AND TIME OF LATEST TRANSACTION
control field 20180314094429.0
007 - CAMPOS FIJOS DE DESCRIPCIÓN FÍSICA
fixed length control field 00153
008 - ELEMENTOS DE LONGITUD FIJA
fixed length control field 150130s2011 dr 2011 000 0 spa d
020 ## - ISBN
International Standard Book Number 9789945173512
040 ## - FUENTE DE CATALOGACIÓN
Agencia que crea de manera original el registro BPMSU
Idioma de catalogación spa
Agencia que realiza la transcripción BPMSU
092 ## - LOCALLY ASSIGNED DEWEY DECIMAL CALL NUMBER
Número de clasificación 373.7
Número de ítem (Cutter) M425u 1ro. 2011
245 00 - MENCIÓN DE TITULO
Título Matemática :
Subtítulo nivel medio
260 ## - PUBLICACIÓN, DISTRIBUCIÓN, ETC. (PIE DE IMPRENTA)
Lugar de publicación, distribución, etc Santo Domingo :
Nombre del editor, distribuidor, etc. SM,
Fecha de publicación, distribución, etc 2011.
300 ## - DESCRIPCIÓN FÍSICA
Extensión 328 p. :
Otros detalles físicos il., retrs. ;
Dimensiones 29 cm.
490 1# - MENCIÓN DE SERIES
Mención de serie Eduación en valores
505 1# - NOTA DE CONTENIDO
Título Unidad 1 : Introducción a la lógica --
-- Unidad 2 : Expresiones algebraicas. Multiplicación --
-- Unidad 3 : Expresiones algebraicas. División --
-- Unidad 4 : Técnicas de factorización --
-- Unidad 5 : Expresiones fraccionarias --
-- Unidad 6 : Ecuaciones de primer grado --
-- Unidad 7 : Funciones de proporcionalidad directa. Ecuación de la línea recta --
-- Unidad 8 : Números reales. Intervalos y valor absoluto --
-- Unidad 9 : Números complejos --
-- Unidad 10 : Introducción a la geometría. Rectas, rayos y segmentos --
-- Unidad 11 : Rectas paralelas y rectas secantes a paralelas. Polígonos --
-- Unidad 12 : Estadística --
650 #4 - ENCABEZAMIENTO DE MATERIA--TEMÁTICO
Término temático o nombre geográfico como elemento de entrada MATEMÁTICAS
Subdivisión temática general ENSEÑANZA SECUNDARIA
650 #4 - ENCABEZAMIENTO DE MATERIA--TEMÁTICO
Término temático o nombre geográfico como elemento de entrada MATEMÁTICAS
Subdivisión temática general EDUCACIÓN SECUNDARIA
650 #4 - ENCABEZAMIENTO DE MATERIA--TEMÁTICO
Término temático o nombre geográfico como elemento de entrada MATEMÁTICAS
Subdivisión temática general LIBROS DE TEXTOS
650 #4 - ENCABEZAMIENTO DE MATERIA--TEMÁTICO
Término temático o nombre geográfico como elemento de entrada MATEMÁTICAS ESTUDIOS Y EJERCICIOS
650 #4 - ENCABEZAMIENTO DE MATERIA--TEMÁTICO
Término temático o nombre geográfico como elemento de entrada EDUCACIÓN SECUNDARIA
Subdivisión geográfica REPÚBLICA DOMINICANA
830 #0 - ASIENTO SECUNDARIO DE SERIE--TÍTULO UNIFORME
Título uniforme Eduación en valores
910 ## - VALIDACIÓN
Validación Validado. Control de calidad MFF
942 ## - ADDED ENTRY ELEMENTS (KOHA)
Source of classification or shelving scheme Dewey Decimal Classification
Koha item type Libros
945 ## - INFORMACIÓN DE PROCESAMIENTO LOCAL
Información de procesamiento local Remanejado para la BNPHU, 2018 / BT
956 ## - LOCAL ELECTRONIC LOCATION AND ACCESS (OCLC)
Nombre de host YLOCKWARD
Número de acceso 10
Información de compresión 20150710
Inicio de sesión BND01
Procesador de solicitud 1103
956 ## - LOCAL ELECTRONIC LOCATION AND ACCESS (OCLC)
Nombre de host VMATEO
Número de acceso 10
Información de compresión 20150722
Inicio de sesión BPMSU
Procesador de solicitud 00151
956 ## - LOCAL ELECTRONIC LOCATION AND ACCESS (OCLC)
Nombre de host BTAVÁREZ
Número de acceso 10
Información de compresión 20160406
Inicio de sesión BPMSU
Procesador de solicitud 153
Existencias
Withdrawn status Lost status Source of classification or shelving scheme Damaged status Not for loan Home library Current library Date acquired Source of acquisition Total Checkouts Full call number Barcode Date last seen Price effective from Koha item type
    Dewey Decimal Classification     Biblioteca Pública Metropolitana Salomé Ureña Biblioteca Pública Metropolitana Salomé Ureña 07/22/2015 Donación   373.7 M425u 1ro. 2011 BPMSU15070332 07/22/2015 07/22/2015 Libros